[Event "Karnataka State Open-ch 2018"]
[Site "Bengaluru"]
[Date "2018.04.17"]
[Round "7"]
[White "Raghavendra, V."]
[Black "Sujay B M"]
[Result "1-0"]
[WhiteElo "1898"]
[BlackElo "1447"]
[Annotator "NA RC"]
[PlyCount "63"]
[EventDate "2018.??.??"]
[EventType "swiss"]
[EventCountry "IND"]
[SourceTitle "playchess.com"]
[Source "ChessBase"]
[SourceQuality "1"]
[TimeControl "5400+30"]

{[%evp 18,63,40,39,47,10,94,16,20,0,0,4,17,0,16,0,38,11,23,63,56,26,33,0,87,100,104,74,108,109,86,95,129,32767,32767,61,173,32767,79,-272,66,70,339,339,354,32767,32767,1065]} 1. e4 {[%emt 0:00:00]} c5 {[%emt 0:00:06]} 2. c3 {[%emt 0:00:00]} Nf6 {[%emt 0:00:23]} 3. e5 {[%emt 0:00:00]} Nd5 {[%emt 0:00:08]} 4. d4 {[%emt 0:00:00]} Nc6 {[%emt 0:00:26]} 5. Nf3 {[%emt 0:00:34]} d6 {[%emt 0:02:15]} 6. Bc4 {[%emt 0:01:35] B22: Sicilian: 2 c3} Nb6 {[%emt 0:04:45]} 7. Bb5 {[%emt 0:00:23]} Bd7 {[%emt 0:02:20]} (7... cxd4 8. Nxd4 Bd7 9. exd6 Nxd4 10. Bxd7+ Qxd7 11. Qxd4 e6 12. Bf4 f6 13. Nd2 e5 {1-0 (60) Neverov,V (2480)-Mgeladze,T (2303) Batumi 2018}) 8. dxc5 $146 {[%emt 0:09:51]} ({Predecessor:} 8. exd6 exd6 9. O-O Be7 10. Bf4 O-O 11. Be2 Re8 12. d5 Nb8 13. Re1 Bg4 {1-0 (30) Kosintseva,T (2303)-Evdokimov,A (2356) Rybinsk 2001}) 8... dxc5 {[%emt 0:00:27]} 9. O-O {[%emt 0:00:45]} e6 {[%emt 0:07:02]} 10. Qe2 {[%emt 0:01:41]} Be7 {[%emt 0:04:20]} 11. Nbd2 {[%emt 0:01:12]} O-O {[%emt 0:02:31]} (11... Qc7 $11 {keeps the balance.}) 12. Ne4 {[%emt 0:00:30]} ({White should play} 12. Bd3 $16) 12... Nxe5 $1 {[%emt 0:06:03]} 13. Nxe5 {[%emt 0:05:33]} Bxb5 {[%emt 0:00:11]} 14. Qxb5 {[%emt 0:02:02]} Qd5 {[%emt 0:00:09]} 15. Nxf7 $1 {[%emt 0:05:58]} Qxe4 {[%emt 0:11:02]} 16. Ng5 {[%emt 0:01:01]} Qg6 {[%emt 0:05:17]} 17. Nh3 $1 {[%emt 0:01:48]} Rf5 {[%emt 0:09:49]} 18. Qe2 {[%emt 0:05:12]} Raf8 {[%emt 0:02:07]} 19. Bd2 {[%emt 0:05:39]} Bd6 {[%emt 0:05:35]} 20. Rae1 {[%emt 0:02:22]} e5 {[%emt 0:00:24]} (20... Re5 $11 21. Qd1 Rh5) 21. Qe4 {[%emt 0:01:10]} Qf7 {[%emt 0:11:35]} 22. b3 {[%emt 0:03:37]} Bb8 {[%emt 0:00:36]} 23. c4 {[%emt 0:02:10]} Nc8 {[%emt 0:01:31]} 24. Ng5 {[%emt 0:01:34]} Qe7 {[%emt 0:03:28]} 25. Qd5+ {[%emt 0:08:52]} Kh8 {[%emt 0:00:11] [#]} 26. Qe6 {[%emt 0:03:00]} (26. f4 $1 $16) 26... Qc7 {[%emt 0:01:59]} (26... b6 $14) 27. Re4 {[%emt 0:05:21]} R8f6 {[%emt 0:03:26]} (27... Qd8 $11 {keeps the balance.} 28. Rg4 R8f6) 28. Qe8+ {[%emt 0:00:36]} Rf8 {[%emt 0:00:02]} 29. Qh5 {[%emt 0:02:31]} g6 $2 {[%emt 0:01:32]} (29... h6 $14) 30. Qh6 {[%emt 0:00:52]} Qe7 $18 {[%emt 0:00:27]} 31. Rh4 {[%emt 0:01:05]} Nd6 {[%emt 0:03:46]} 32. Nxh7 {[%emt 0:05:21]} 1-0

[Event "Karnataka State Open-ch 2018"]
[Site "Bengaluru"]
[Date "2018.04.17"]
[Round "7"]
[White "Hardik, Jha"]
[Black "Shyama Krishna S"]
[Result "1-0"]
[WhiteElo "1882"]
[BlackElo "1418"]
[Annotator "NA"]
[PlyCount "111"]
[EventDate "2018.??.??"]
[EventType "swiss"]
[EventCountry "IND"]
[SourceTitle "playchess.com"]
[Source "ChessBase"]
[SourceQuality "1"]
[TimeControl "5400+30"]

{[%evp 22,110,26,0,22,6,15,-39,-28,-42,130,-30,49,46,297,0,35,20,137,66,102,77,132,154,134,118,137,62,62,27,46,37,39,33,29,32767,32767,32767,32767,32767,32767,18,11,0,170,118,427,210,234,225,233,238,267,230,236,224,204,263,526,399,32767,444,496,504,32767,32767,32767,512,483,527,661,32767,1495,755,737,835,12839,5922,12838,6268,5089,32767,32767,1160,5102,32767,29985,12846,29998,29999,29999]} 1. Nf3 {[%emt 0:00:00]} d5 {[%emt 0:00:04]} 2. d4 {[%emt 0:00:00]} Nf6 {[%emt 0:00:06]} 3. e3 {[%emt 0:01:10]} e6 {[%emt 0:02:04]} 4. Bd3 {[%emt 0:00:13]} c5 {[%emt 0:01:00]} 5. c3 {[%emt 0:00:23]} Nc6 {[%emt 0:00:35]} 6. Nbd2 {[%emt 0:02:14]} Be7 {[%emt 0:01:07]} 7. O-O {[%emt 0:00:38]} O-O {[%emt 0:00:10]} 8. Re1 {[%emt 0:00:12]} Qc7 {[%emt 0:08:31] D05: Colle System with ...e6} 9. e4 {[%emt 0:02:02]} (9. Nf1 e5 10. Nxe5 Nxe5 11. dxe5 Qxe5 12. Ng3 Rd8 13. Qc2 {0-1 (47) Stanojevic,B (2300)-Pap,M (2476) Banja Koviljaca 2013}) 9... dxe4 {[%emt 0:02:13]} 10. Nxe4 {[%emt 0:00:28]} cxd4 {[%emt 0:01:47]} 11. cxd4 {[%emt 0:02:05]} Nb4 {[%emt 0:03:42]} 12. Bb1 {[%emt 0:00:07]} b6 {[%emt 0:03:38]} 13. a3 {[%emt 0:01:42]} Nbd5 {[%emt 0:01:00]} 14. Nfg5 $146 {[%emt 0:02:17]} ({Predecessor:} 14. Qd3 Bb7 15. Bg5 g6 {½-½ (58) Rawski,S (2240)-Schmidt,P (2340) Polanica Zdroj 1998}) 14... Bb7 {[%emt 0:08:07]} 15. Qd3 {[%emt 0:01:39]} Rfc8 $2 {[%emt 0:10:47]} ({Not} 15... Ng4 16. Qh3 $16) (15... Rac8 $15 {stays ahead.} 16. Bd2 Nxe4 17. Qxe4 Nf6) 16. Bd2 $2 {[%emt 0:00:57]} (16. Nxf6+ $16 Nxf6 17. Qh3) 16... g6 {[%emt 0:02:59]} ({Don't play} 16... Ng4 $6 17. Qh3 $16) ({Black should try} 16... h6 $15 17. Nf3 Nxe4 18. Qxe4 Nf6) 17. Qh3 {[%emt 0:04:42]} Bf8 $2 {[%emt 0:03:38] [#]} (17... Qd7 $11 {and Black stays safe.}) 18. Bd3 $2 {[%emt 0:06:11]} (18. Ba2 $1 $18 {[%cal Ra2d5]} Bg7 19. Bxd5 Nxd5 20. Qxh7+ Kf8 {[#]} 21. Re3 $1 {[%mdl 512]}) 18... h6 {[%emt 0:17:46]} 19. Nf3 {[%emt 0:03:22]} h5 {[%emt 0:06:18]} (19... Nh5 $11 20. Rac1 Qe7) 20. Ne5 {[%emt 0:01:35]} (20. Rac1 $18 Qe7 21. Bg5) 20... Nxe4 {[%emt 0:01:36]} 21. Bxe4 {[%emt 0:00:08]} Ne7 {[%emt 0:02:14]} ({Black should try} 21... Qe7 $14) 22. Rac1 {[%emt 0:01:58]} Qxc1 {[%emt 0:01:42]} 23. Bxc1 {[%emt 0:01:03]} Bxe4 {[%emt 0:00:11]} 24. Qe3 {[%emt 0:01:33]} (24. Qh4 $16 Bc6 25. Qf6) 24... Bd5 {[%emt 0:03:01]} 25. Bd2 {[%emt 0:03:14]} Nf5 {[%emt 0:00:37]} 26. Qd3 {[%emt 0:00:38]} Rc7 {[%emt 0:02:19]} 27. h3 {[%emt 0:02:34]} Rac8 {[%emt 0:02:15]} 28. g4 {[%emt 0:05:52]} hxg4 {[%emt 0:00:33]} 29. hxg4 {[%emt 0:00:01]} Nd6 {[%emt 0:00:08]} 30. g5 {[%emt 0:02:30]} Be7 {[%emt 0:03:21] [#]} 31. Ng4 {[%emt 0:01:51]} ({White should play} 31. Nxg6 $1 $16 {[%mdl 512]} fxg6 32. Qxg6+ Kf8 33. Bf4) 31... Nf5 $1 {[%emt 0:01:49]} 32. Nf6+ {[%emt 0:04:09]} Kg7 $2 {[%emt 0:01:18]} (32... Bxf6 $1 $11 {and Black is okay.} 33. gxf6 Nh4) 33. Bf4 {[%emt 0:01:35]} ({White should try} 33. Nxd5 $18 exd5 34. Re5) 33... Bd6 $2 {[%emt 0:01:42]} (33... Bxf6 $16 34. gxf6+ Kxf6) 34. Nxd5 {[%emt 0:02:31]} (34. Bxd6 $142 Nxd6 35. Qe3) 34... exd5 {[%emt 0:00:02]} 35. Bxd6 {[%emt 0:00:31]} Nxd6 {[%emt 0:00:06]} 36. Qg3 {[%emt 0:00:08]} Ne4 {[%emt 0:01:35]} 37. Qe5+ {[%emt 0:00:03]} f6 {[%emt 0:00:24]} 38. gxf6+ {[%emt 0:01:53]} ({Don't play} 38. Qxd5 $6 Nxg5 39. Kg2 Nf7) 38... Nxf6 {[%emt 0:00:07]} 39. Qd6 {[%emt 0:00:52]} Rc1 $2 {[%emt 0:02:18]} (39... Rf7 40. Re7 Rcf8) 40. Rxc1 {[%emt 0:00:05]} Rxc1+ {[%emt 0:00:04]} 41. Kg2 Re1 {[%emt 0:01:09]} 42. Qc7+ {[%emt 0:01:22]} Kh6 {[%emt 0:00:23]} 43. Qxa7 {[%emt 0:01:32]} Re2 {[%emt 0:01:42]} 44. Qf7 {[%emt 0:02:32]} Kg5 {[%emt 0:01:04]} 45. b4 {[%emt 0:02:31]} b5 {[%emt 0:00:25]} 46. Qb7 {[%emt 0:01:23]} Ra2 {[%emt 0:01:09]} 47. Qxb5 {[%emt 0:00:20]} Rxa3 {[%emt 0:00:08]} 48. Qc5 {[%emt 0:00:47]} Ra2 {[%emt 0:01:41]} 49. Qe7 {[%emt 0:00:25]} Ra6 {[%emt 0:02:21]} 50. Qe3+ {[%emt 0:00:04]} Kh4 {[%emt 0:01:00]} 51. b5 {[%emt 0:01:28]} Rb6 {[%emt 0:00:32]} 52. Qd3 $18 {[%emt 0:01:03]} (52. Qf4+ $142 Kh5 53. Qc7 Rxb5 54. Qe5+ Kh6 55. Qxf6 Rb2 56. Qc6 Kg7 57. Qxd5) 52... Ne4 {[%emt 0:00:50]} 53. f3 {[%emt 0:01:58]} Ng5 {[%emt 0:00:37]} 54. f4 {[%emt 0:01:41]} Rf6 {[%emt 0:00:55]} 55. Qg3+ {[%emt 0:00:13]} Kh5 {[%emt 0:00:06]} 56. Qxg5# {[%emt 0:00:03]} 1-0

[Event "Karnataka State Open-ch 2018"]
[Site "Bengaluru"]
[Date "2018.04.17"]
[Round "7"]
[White "Keshav Kothari"]
[Black "Nachiketh, Adiga"]
[Result "1-0"]
[WhiteElo "1715"]
[BlackElo "1348"]
[Annotator "NA"]
[PlyCount "65"]
[EventDate "2018.??.??"]
[EventType "swiss"]
[EventCountry "IND"]
[SourceTitle "playchess.com"]
[Source "ChessBase"]
[SourceQuality "1"]
[TimeControl "5400+30"]

1. d4 {[%emt 0:00:00]} Nf6 {[%emt 0:00:13]} 2. c4 {[%emt 0:00:00]} g6 {[%emt 0:00:05]} 3. Nc3 {[%emt 0:00:00]} Bg7 {[%emt 0:00:08]} 4. e4 {[%emt 0:00:02]} d6 {[%emt 0:00:04]} 5. h3 {[%emt 0:00:15]} O-O {[%emt 0:00:05]} 6. Nf3 {[%emt 0:00:04]} e5 {[%emt 0:00:05]} 7. dxe5 {[%emt 0:00:07]} dxe5 {[%emt 0:00:05]} 8. Be3 {[%emt 0:00:05]} Qe7 {[%emt 0:01:21]} 9. Be2 {[%emt 0:05:46]} c6 {[%emt 0:01:19]} 10. O-O {[%emt 0:01:17]} Na6 {[%emt 0:01:28]} 11. a3 {[%emt 0:02:51]} Nh5 {[%emt 0:02:18]} 12. b4 {[%emt 0:20:03]} Nf4 {[%emt 0:01:47]} 13. c5 {[%emt 0:05:10]} Nc7 {[%emt 0:00:30]} 14. Bc4 {[%emt 0:07:59]} Be6 {[%emt 0:07:03]} 15. Qb3 {[%emt 0:07:10]} Bxc4 {[%emt 0:04:06]} 16. Qxc4 {[%emt 0:00:09]} Nce6 {[%emt 0:00:47]} 17. Rac1 {[%emt 0:18:30]} Qf6 {[%emt 0:01:56]} 18. Kh2 {[%emt 0:01:06]} g5 {[%emt 0:13:29]} 19. Ne2 {[%emt 0:09:54]} h5 {[%emt 0:00:38]} 20. Ng3 {[%emt 0:03:39]} g4 {[%emt 0:01:26]} 21. Ng1 {[%emt 0:00:06]} Ng5 {[%emt 0:02:12]} 22. Bxf4 {[%emt 0:06:04]} exf4 {[%emt 0:00:49]} 23. Nxh5 {[%emt 0:00:31]} Qe5 {[%emt 0:00:19]} 24. hxg4 {[%emt 0:01:55]} Nxe4 {[%emt 0:03:47]} 25. Nf3 {[%emt 0:00:44]} Qe7 {[%emt 0:01:03]} 26. Rfe1 {[%emt 0:02:53]} Rfe8 {[%emt 0:00:14]} 27. Nxg7 {[%emt 0:02:29]} Kxg7 {[%emt 0:00:20]} 28. Rc2 {[%emt 0:00:24]} Qe6 {[%emt 0:00:39]} 29. Qd4+ {[%emt 0:01:05]} Kg8 {[%emt 0:00:24]} 30. Rce2 {[%emt 0:00:12]} Qh6+ {[%emt 0:00:36]} 31. Kg1 {[%emt 0:00:05]} Nf6 {[%emt 0:00:09]} 32. g5 {[%emt 0:00:19]} Rxe2 {[%emt 0:00:27]} 33. Rxe2 1-0

[Event "Karnataka State Open-ch 2018"]
[Site "Bengaluru"]
[Date "2018.04.17"]
[Round "7"]
[White "Rakshith Srinivasan"]
[Black "Ojas, Kulkarni"]
[Result "0-1"]
[WhiteElo "1597"]
[BlackElo "2252"]
[Annotator "TA"]
[PlyCount "90"]
[EventDate "2018.??.??"]
[EventType "swiss"]
[EventCountry "IND"]
[SourceTitle "playchess.com"]
[Source "ChessBase"]
[SourceQuality "1"]

{[%evp 23,90,10,19,-33,-30,-49,-40,-40,-28,-33,-25,-28,-22,-22,-20,-29,-14,-30,-29,-60,-49,-93,-98,-98,-93,-92,-92,-109,-118,-113,-113,-113,-113,-113,-110,-111,-102,-133,-131,-131,-133,-151,-151,-177,-160,-168,-160,-245,-238,-243,-236,-228,-233,-250,-197,-460,-451,-817,-800,-798,-729,-12837,-12837,-12838,-12838,-12839,-12839,-12839,-12839]} 1. e4 e5 2. Nf3 Nc6 3. Bc4 Bc5 4. c3 Nf6 5. d3 d6 6. O-O a6 7. Nbd2 Ba7 8. Bb3 O-O 9. Re1 Ng4 10. Rf1 {C54: Giuoco Piano: 4 c3 Nf6, main lines with 5 d4 and 5 d3} (10. Re2 Kh8 11. h3 f5 12. exf5 Nh6 13. g4 Nxf5 14. gxf5 Bxf5 15. Ne4 d5 16. Neg5 Qd6 17. d4 exd4 {½-½ (33) Onischuk,V (2610)-Schroeder,J (2539) Riga 2017}) 10... Kh8 11. h3 Nh6 12. Nc4 f5 {LiveBook: 8 Games} 13. exf5 (13. Be3 $11) 13... Nxf5 $15 14. Ne3 Nh4 {[#] White must now prevent ...Nxf3+.} 15. Bd5 $1 Nxf3+ $146 ({Predecessor:} 15... Ng6 16. Be4 Nf4 17. Nd5 Nxd5 18. Bxd5 {0-1 (59) Nikac,P (2310)-Pecurica,M (2199) Niksic 2017}) 16. Bxf3 Qh4 17. Bg4 Ne7 18. Bxc8 Raxc8 19. Qg4 Qxg4 20. Nxg4 Nd5 21. Be3 h5 22. Bxa7 {aiming for Ne3.} hxg4 23. Be3 gxh3 24. gxh3 Rf3 25. Kg2 Rxe3 ({Much weaker is} 25... Nxe3+ $6 26. Kxf3 Nxf1 27. Rxf1 $11) 26. fxe3 Nxe3+ 27. Kg3 Nxf1+ 28. Rxf1 $17 {[%mdl 4096] Endgame [#] KR-KR} Kg8 $1 29. Re1 Kf7 30. Kg4 Rh8 31. h4 Rh6 32. h5 Rf6 33. Re2 Rf1 34. Rd2 Kf6 35. a3 (35. d4 $17 {was necessary.}) 35... Rf4+ $19 36. Kh3 d5 37. Kg3 Kg5 38. Rh2 Rf5 39. b3 $2 (39. c4) 39... e4 {Black is clearly winning.} 40. c4 (40. dxe4 $142 dxe4 41. Re2) 40... Rf3+ 41. Kg2 Rxd3 {And now ...Rd2+ would win.} 42. cxd5 Rd2+ 43. Kg3 Rxh2 44. Kxh2 Kf4 45. a4 a5 {Precision: White = 34%, Black = 92%.} 0-1

[Event "Karnataka State Open-ch 2018"]
[Site "Bengaluru"]
[Date "2018.04.17"]
[Round "7"]
[White "Chaithanya Ganesh"]
[Black "Sanjay Sindhia, MH."]
[Result "1/2-1/2"]
[WhiteElo "1498"]
[BlackElo "1761"]
[Annotator "NA RC"]
[PlyCount "105"]
[EventDate "2018.??.??"]
[EventType "swiss"]
[EventCountry "IND"]
[SourceTitle "playchess.com"]
[Source "ChessBase"]
[SourceQuality "1"]
[TimeControl "5400+30"]

1. e4 {[%emt 0:00:00]} e6 {[%emt 0:00:01]} 2. d4 {[%emt 0:00:00]} b6 {[%emt 0:00:37]} 3. Nf3 {[%emt 0:04:42]} Bb7 {[%emt 0:00:06]} 4. Bd3 {[%emt 0:00:52]} c5 {[%emt 0:00:18]} 5. c3 {[%emt 0:00:38]} Nf6 {[%emt 0:00:29]} 6. Qe2 {[%emt 0:02:04]} cxd4 {[%emt 0:03:38]} 7. cxd4 {[%emt 0:04:33]} d5 {[%emt 0:01:11]} 8. e5 {[%emt 0:01:13]} Ne4 {[%emt 0:00:29]} 9. Nbd2 {[%emt 0:13:42]} Nxd2 {[%emt 0:06:10]} 10. Bxd2 {[%emt 0:00:43]} Be7 {[%emt 0:00:10]} 11. O-O {[%emt 0:01:52]} O-O {[%emt 0:00:56]} 12. Ne1 {[%emt 0:12:24]} Nc6 {[%emt 0:02:03]} 13. Nc2 {[%emt 0:00:24]} a5 {[%emt 0:01:17]} 14. Qg4 {[%emt 0:13:45]} Kh8 {[%emt 0:03:25]} 15. Qh3 {[%emt 0:05:01]} g6 {[%emt 0:01:10]} 16. Qh6 {[%emt 0:03:57]} Ba6 {[%emt 0:03:02]} 17. Bxa6 {[%emt 0:02:27]} Rxa6 {[%emt 0:00:14]} 18. f4 {[%emt 0:05:09]} f5 {[%emt 0:03:18]} 19. Rf3 {[%emt 0:02:30]} Rf7 {[%emt 0:01:38]} 20. Rc3 {[%emt 0:05:07]} b5 {[%emt 0:01:35]} 21. Rc1 {[%emt 0:02:29]} b4 {[%emt 0:01:51]} 22. Rg3 {[%emt 0:02:18]} Bf8 {[%emt 0:07:37]} 23. Qh3 {[%emt 0:00:16]} Kg8 {[%emt 0:01:10]} 24. Rd3 {[%emt 0:01:35]} Rc7 {[%emt 0:11:20]} 25. Ne1 {[%emt 0:01:27]} Na7 {[%emt 0:08:56]} 26. Qf3 {[%emt 0:03:11]} Rxc1 {[%emt 0:01:45]} 27. Bxc1 {[%emt 0:00:02]} Rc6 {[%emt 0:00:08]} 28. Be3 {[%emt 0:00:20]} Qb6 {[%emt 0:03:37]} 29. Qe2 {[%emt 0:01:03]} Nb5 {[%emt 0:01:35]} 30. h3 {[%emt 0:01:18]} Rc4 {[%emt 0:01:30]} 31. Kh2 {[%emt 0:02:54]} Be7 {[%emt 0:01:54]} 32. Qf2 Qd8 {[%emt 0:09:47]} 33. Rd1 {[%emt 0:01:19]} Bh4 {[%emt 0:02:10]} 34. g3 {[%emt 0:00:47]} Be7 {[%emt 0:00:28]} 35. Rc1 {[%emt 0:02:21]} Qc8 {[%emt 0:01:56]} 36. Rd1 {[%emt 0:01:32]} Kf7 {[%emt 0:02:46]} 37. Kg1 {[%emt 0:00:58]} Bd8 {[%emt 0:00:40]} 38. Rd3 {[%emt 0:00:37]} Bb6 {[%emt 0:01:10]} 39. h4 {[%emt 0:02:19]} h5 {[%emt 0:01:01]} 40. Kg2 {[%emt 0:00:34]} Qc6 {[%emt 0:00:33]} 41. Kh3 {[%emt 0:00:18]} a4 {[%emt 0:03:08]} 42. b3 {[%emt 0:01:13]} axb3 {[%emt 0:00:06]} 43. axb3 {[%emt 0:00:16]} Rc3 {[%emt 0:00:26]} 44. Qd2 {[%emt 0:00:42]} Qa8 {[%emt 0:10:59]} 45. Rxc3 {[%emt 0:00:31]} Nxc3 {[%emt 0:01:00]} 46. Qd3 {[%emt 0:00:43]} Qa1 {[%emt 0:01:26]} 47. Nf3 {[%emt 0:00:31]} Qa2 {[%emt 0:01:37]} 48. Nd2 {[%emt 0:00:16]} Qa1 {[%emt 0:00:36]} 49. Kg2 {[%emt 0:00:18]} Qd1 {[%emt 0:00:55]} 50. Qf1 {[%emt 0:00:45]} Qe2+ {[%emt 0:00:42]} 51. Qxe2 {[%emt 0:00:12]} Nxe2 {[%emt 0:00:02]} 52. Nf3 Nc3 53. Kh3 1/2-1/2

[Event "Karnataka State Open-ch 2018"]
[Site "Bengaluru"]
[Date "2018.04.17"]
[Round "8"]
[White "Stany, G.A"]
[Black "Yashas, D."]
[Result "1-0"]
[WhiteElo "2493"]
[BlackElo "2243"]
[Annotator "TA"]
[PlyCount "111"]
[EventDate "2018.??.??"]
[EventType "swiss"]
[EventCountry "IND"]
[SourceTitle "playchess.com"]
[Source "ChessBase"]
[SourceQuality "1"]

{[%evp 14,111,0,0,33,28,61,36,37,30,33,21,25,31,47,37,37,22,36,-36,-32,-34,-34,-52,-36,-76,-72,-72,-29,-29,85,85,85,85,85,85,85,85,85,83,89,87,93,77,97,88,114,114,113,105,100,104,89,26,21,10,15,5,5,2,2,0,5,8,155,147,150,113,145,128,127,127,174,168,162,158,162,0,0,0,0,0,65,81,593,576,560,588,576,572,571,566,550,539,487,447,406,401,349,273]} 1. e4 d5 2. exd5 Qxd5 3. Nc3 Qd6 4. d4 Nf6 5. Nf3 a6 6. Ne5 Nc6 7. Nxc6 {B01: Scandinavian Defence} Qxc6 8. d5 {LiveBook: 22 Games} (8. Be3 Bf5 9. Be2 O-O-O 10. Bf3 Qd7 11. O-O Ng4 12. h3 Nxe3 13. fxe3 e6 14. b4 Qe7 {½-½ (48) Sevian,S (2573)-Indjic,A (2564) Dallas 2015}) 8... Qd7 9. Bf4 {White is slightly better.} b6 $146 ({Find the theoretical novelty and annotate with similar games:} 9... c6 10. dxc6 Qxc6 11. Be2 Bf5 12. O-O Rd8 13. Qc1 Bg4 14. Bxg4 Nxg4 {½-½ (34) Compton,A (2052)-Goodhue,N (2127) Auckland 2004}) 10. Qd2 Bb7 11. O-O-O O-O-O 12. Bc4 b5 13. Bb3 $1 Qf5 14. Rhe1 b4 15. Na4 Nxd5 16. Bg3 (16. Be5 $14) 16... e6 $15 17. Qd4 Be7 18. Qa7 {Strongly threatening Bxd5.} Nf4 $1 {Hoping for ...Rxd1+.} 19. Bc4 Qa5 $1 {[%cal Ra5a4]} 20. b3 g5 21. f3 Nd5 (21... Rd6 $11 {keeps the balance.}) 22. Bxd5 Rxd5 23. Rxd5 Bxd5 24. Bxc7 Qxc7 25. Nb6+ Kd8 26. Qxc7+ Kxc7 27. Nxd5+ Kd7 28. Nxe7 Kxe7 $16 {[%mdl 4096] Endgame KR-KR} 29. Re5 h6 30. Ra5 Ra8 31. Ra4 $1 a5 32. a3 bxa3 33. Rxa3 (33. b4 $1 $16) 33... Kd6 $11 34. b4 a4 35. Kd2 Kc6 36. c4 f5 37. Kc3 e5 $1 38. Kb2 Kd6 (38... f4 $11) 39. Rd3+ $1 $16 Ke6 40. Ka3 $1 e4 41. fxe4 $1 fxe4 42. Rd1 $1 Ke5 {[#]} 43. c5 $1 e3 {[%cal Be4e3,Be3e2][%mdl 32] [#]} 44. c6 $1 Re8 {intending ...e2.} 45. b5 $2 ({Inferior is} 45. Kxa4 e2 $11) ({Only move:} 45. c7 $18 Rc8 46. Rd7) 45... e2 $11 46. Re1 Kd6 47. Kxa4 Kc5 (47... Kc7 $11) 48. c7 $14 Kb6 $2 {[%mdl 8192] [#]} (48... Ra8+ $16 {keeps some hope.} 49. Kb3 Kxb5) 49. Rxe2 $1 $18 {[%mdl 512]} Ra8+ (49... Rxe2 50. c8=Q) 50. Kb4 {Black must now prevent Rc2.} Kxc7 51. Kc5 Rf8 52. Re7+ Kb8 53. Re6 Kb7 {Now ...Rf5+ and Black clings on.} 54. Rxh6 Rf5+ 55. Kb4 Rf2 56. g3 {Precision: White = 69%, Black = 53%.} 1-0

[Event "Karnataka State Open-ch 2018"]
[Site "Bengaluru"]
[Date "2018.04.17"]
[Round "8"]
[White "Thejkumar, M. S"]
[Black "Arvind, Shastry"]
[Result "1-0"]
[WhiteElo "2493"]
[BlackElo "2175"]
[Annotator "TA"]
[PlyCount "73"]
[EventDate "2018.??.??"]
[EventType "swiss"]
[EventCountry "IND"]
[SourceTitle "playchess.com"]
[Source "ChessBase"]
[SourceQuality "1"]

{[%evp 13,73,47,53,43,88,77,94,94,83,79,80,78,137,133,161,168,170,159,159,158,155,139,190,161,208,161,156,174,242,236,241,240,253,163,156,147,162,162,160,154,173,188,312,314,313,310,384,379,410,410,410,358,352,360,320,302,1600,1573,29988,29989,29989,29990]} 1. d4 d5 2. c4 c6 3. Nc3 Nf6 4. Nf3 a6 5. g3 b5 6. c5 Bf5 {D15: Slav Defence: 4 Nc3 a6 and gambit lines after 4 Nc3 dxc4} 7. Bg2 Nbd7 {LiveBook: 3 Games} 8. Nh4 Bg6 {White is slightly better.} 9. O-O e6 10. Nxg6 hxg6 11. Bf4 $146 ({Predecessor:} 11. f4 a5 12. Qc2 Ng8 13. e4 dxe4 14. Nxe4 {1-0 (43) Goldin,A (2585)-Prie,E (2475) Paris 1994}) 11... Be7 12. e4 {[%cal Be2e4,Be4e5][%mdl 32]} O-O ({Better is} 12... dxe4 13. Nxe4 (13. Bxe4 g5 $11) 13... Nd5) 13. e5 $16 Nh7 14. Bd2 Re8 15. a4 b4 16. Ne2 a5 17. h4 Ra7 (17... g5 $16 {keeps fighting.}) 18. Qc2 Ndf8 19. Rae1 g5 {[#]} 20. hxg5 $1 Bxg5 (20... Nxg5 $142 21. f3 f5) 21. f4 $18 Be7 22. Bf3 f5 23. exf6 Bxf6 24. Kg2 g6 25. Be3 Rg7 26. Nc1 {[%cal Be2c1,Bc1d3,Bd3e5][%mdl 32]} Ree7 {Black hopes to continue with ...g5.} 27. Nd3 Qc7 (27... g5 $142 28. Ne5 gxf4 29. Bxf4 Bxe5 30. Bxe5 Rg5) 28. Ne5 Re8 29. Be2 Bxe5 30. fxe5 ({Weaker is} 30. dxe5 Ree7 $16) 30... g5 31. Bd3 Rd8 32. Rf2 Rdd7 33. Ref1 Rdf7 34. Bxh7+ Nxh7 $2 {[#]} (34... Rxh7 35. Bxg5 Rxf2+ 36. Qxf2 Qg7) 35. Rxf7 Rxf7 36. Qg6+ Kf8 37. Qxh7 {Precision: White = 79%, Black = 41%.} 1-0

[Event "Karnataka State Open-ch 2018"]
[Site "Bengaluru"]
[Date "2018.04.17"]
[Round "8"]
[White "Girish, A. Koushik"]
[Black "Raducanu, Andrei-Augustin"]
[Result "1-0"]
[WhiteElo "2401"]
[BlackElo "2063"]
[Annotator "TA"]
[PlyCount "65"]
[EventDate "2018.??.??"]
[EventType "swiss"]
[EventCountry "IND"]
[SourceTitle "playchess.com"]
[Source "ChessBase"]
[SourceQuality "1"]

{[%evp 26,65,57,58,78,75,120,101,176,165,166,163,164,163,220,220,237,175,202,203,299,297,321,309,323,334,334,331,400,354,451,439,816,786,1392,1365,2231,2235,2137,2127,2033,2120]} 1. Nf3 f5 2. c4 Nf6 3. g3 g6 4. Bg2 Bg7 5. Nc3 d6 6. d4 O-O 7. O-O Qe8 8. d5 Bd7 9. Rb1 Na6 10. b4 c6 11. dxc6 bxc6 12. a3 Nc7 13. Bb2 h6 {A87: Dutch Defence: Leningrad System: 5 Nf3} (13... Rd8 14. Qa4 e5 15. Rfd1 Qe7 16. Qxa7 Ne6 17. c5 d5 18. Nxe5 Ra8 19. Qb7 d4 20. Nxc6 Qe8 21. Qxa8 Qxa8 {1-0 (35) Bu,X (2714)-Gurevich,M (2634) Beijing 2008}) 14. c5 {LiveBook: 7 Games} dxc5 15. bxc5 $146 ({Predecessor:} 15. Ne5 cxb4 16. axb4 Rb8 17. Qd4 Rb6 18. Na4 c5 19. bxc5 Ra6 20. c6 {1-0 (20) Bradford,J (2455)-Moss,L Dallas 1996}) 15... Nh7 {White is better.} 16. Na4 Ng5 (16... Nf6 $16) 17. Bxg7 $18 Nxf3+ 18. exf3 Kxg7 19. f4 Nd5 (19... Rf6 $142 20. Qe2 Bc8) 20. Re1 e6 21. Rb7 Rf7 22. Nb2 {[%cal Ba4b2,Bb2c4,Bc4e5][%mdl 32]} Rb8 (22... Qc8 {is a better defense.} 23. Qb3 Be8 24. Rxf7+ Bxf7 25. Bxd5 exd5 26. Qc3+ Kg8) 23. Rxa7 Bc8 24. Qd4+ Kg8 25. Rxf7 Qxf7 26. Nc4 Ba6 27. Ne5 Qe8 28. h4 {White is clearly winning.} Bb5 (28... Bc8 $142 29. Qa4 Rb7 30. Nxc6 Ne7 31. Nxe7+ Rxe7) 29. a4 Ba6 {[#]} 30. Nxc6 $1 {[%mdl 512]} Qxc6 {[#]} 31. Rxe6 $1 {[%mdl 512]} Qxe6 32. Bxd5 Rb1+ 33. Kh2 {Precision: White = 98%, Black = 21%.} 1-0